000 00475nam a22001812 4500
001 0000004330
005 20170406115736.0
008 140909s xx 000 0 eng d
020 _c$
040 _aYour Holding Symbol
_cYour Holding Symbol
100 1 _aKeys,Parkinson Frances.
245 1 4 _aThe chess players.
250 _a ed.
260 _alondon :
_bThe bookclub,
_c1960.
300 _a375 p. ;
_c cm.
650 0 _afiction.
908 _a140909
999 _c4163
_d4163